biggest cities in Iceland - Statistics

General Stats
  • This quiz has been taken 22 times
  • The average score is 3 of 10
Answer Stats
2018 population city % Correct
124,847 Reykjavík
100%
17,555 Keflavík
59%
6,612 Akranes
23%
18,542 Akureyri
23%
35,966 Kópavogur
23%
29,409 Hafnarfjörður
18%
7,564 Selfoss
18%
12,912 Garðabær
9%
10,225 Mosfellsbær
9%
4,322 Seltjarnarnes
0%
No matching quizzes found
Score Distribution
Percent of People with Each Score
Percentile by Number Answered
Your Score History
You have not taken this quiz